<?xml version="1.0" encoding="UTF-8"?>
<record
    xmlns:xsi="http://www.w3.org/2001/XMLSchema-instance"
    xsi:schemaLocation="http://www.loc.gov/MARC21/slim http://www.loc.gov/standards/marcxml/schema/MARC21slim.xsd"
    xmlns="http://www.loc.gov/MARC21/slim">

  <leader>02116nam a22002897a 4500</leader>
  <controlfield tag="001">1498</controlfield>
  <controlfield tag="005">20250530110133.0</controlfield>
  <datafield tag="020" ind1=" " ind2=" ">
    <subfield code="a">9789996305467</subfield>
  </datafield>
  <datafield tag="040" ind1=" " ind2=" ">
    <subfield code="a">FISKH </subfield>
    <subfield code="b">eng </subfield>
    <subfield code="c">FISKH </subfield>
    <subfield code="d">FISKH </subfield>
  </datafield>
  <datafield tag="082" ind1=" " ind2=" ">
    <subfield code="a">959.6042092</subfield>
  </datafield>
  <datafield tag="100" ind1=" " ind2=" ">
    <subfield code="a">Hedwige Multzer o'Naghten </subfield>
  </datafield>
  <datafield tag="245" ind1=" " ind2=" ">
    <subfield code="a">&#x1796;&#x17D2;&#x179A;&#x17C7;&#x1794;&#x17B6;&#x1791;&#x1787;&#x17D0;&#x1799;&#x179C;&#x179A;&#x17D2;&#x1798;&#x17D0;&#x1793;&#x1791;&#x17B8; &#x17E7; /</subfield>
    <subfield code="c">&#x1793;&#x17B7;&#x1796;&#x1793;&#x17D2;&#x1792;&#x178A;&#x17C4;&#x1799; Hedwige Multzer o'Naghten - &#x179A;&#x17BC;&#x1794;&#x1797;&#x17B6;&#x1796;&#x178A;&#x17C4;&#x1799; &#x1783;&#x17BB;&#x1793; &#x179F;&#x17BB;&#x179C;&#x178E;&#x17D2;&#x178E;&#x179A;&#x17B7;&#x1791;&#x17D2;&#x1792; &#x1793;&#x17B7;&#x1784; &#x17A2;&#x17CA;&#x17BB;&#x1780; &#x179A;&#x178A;&#x17D2;&#x178B;&#x17B6; </subfield>
  </datafield>
  <datafield tag="250" ind1=" " ind2=" ">
    <subfield code="a">&#x1794;&#x17C4;&#x17C7;&#x1796;&#x17BB;&#x1798;&#x17D2;&#x1796;&#x179B;&#x17BE;&#x1780;&#x1791;&#x17B8; &#x17E5; &#x1792;&#x17D2;&#x1793;&#x17BC; &#x17E2;&#x17E0;&#x17E2;&#x17E2; </subfield>
  </datafield>
  <datafield tag="260" ind1=" " ind2=" ">
    <subfield code="a">Phnom Penh : </subfield>
    <subfield code="b">Sipar, </subfield>
    <subfield code="c">2022. </subfield>
  </datafield>
  <datafield tag="300" ind1=" " ind2=" ">
    <subfield code="a">44 pages : </subfield>
    <subfield code="b">map ; color illustrations ; </subfield>
    <subfield code="c">20 cm </subfield>
  </datafield>
  <datafield tag="490" ind1=" " ind2=" ">
    <subfield code="a">&#x1781;&#x17D2;&#x1789;&#x17BB;&#x17C6;&#x1785;&#x1784;&#x17CB;&#x178A;&#x17B9;&#x1784;&#x1787;&#x17B8;&#x179C;&#x17B7;&#x178F;&#x179A;&#x1794;&#x179F;&#x17CB; </subfield>
  </datafield>
  <datafield tag="505" ind1=" " ind2=" ">
    <subfield code="a">Z' 
</subfield>
  </datafield>
  <datafield tag="520" ind1=" " ind2=" ">
    <subfield code="a">&#x1780;&#x17D2;&#x1793;&#x17BB;&#x1784;&#x179C;&#x17D0;&#x1799;&#x1787;&#x17B6;&#x17E5;&#x17E0;&#x1796;&#x17D2;&#x179A;&#x17C7;&#x179C;&#x179F;&#x17D2;&#x179F;&#x17B6; &#x1796;&#x17D2;&#x179A;&#x17C7;&#x1794;&#x17B6;&#x1791;&#x1787;&#x17D0;&#x1799;&#x179C;&#x179A;&#x17D2;&#x1798;&#x17D0;&#x1793;&#x1791;&#x17B8;&#x200B;&#x17E7; &#x1794;&#x17B6;&#x1793;&#x1780;&#x1798;&#x17D2;&#x1785;&#x17B6;&#x178F;&#x17CB;&#x1796;&#x17BD;&#x1780;&#x1785;&#x17B6;&#x1798;&#x1788;&#x17D2;&#x179B;&#x17B6;&#x1793;&#x1796;&#x17B6;&#x1793;&#x1796;&#x17B8;&#x1780;&#x17BB;&#x17D2;&#x179A;&#x1784;&#x17A2;&#x1784;&#x17D2;&#x1782;&#x179A; &#x17A0;&#x17BE;&#x1799;&#x17A1;&#x17BE;&#x1784;&#x179F;&#x17C4;&#x1799;&#x179A;&#x17B6;&#x1787;&#x17D2;&#x1799;&#x178A;&#x17C4;&#x1799;&#x1798;&#x17B6;&#x1793;&#x1780;&#x17B6;&#x179A;&#x1782;&#x17B6;&#x17C6;&#x1791;&#x17D2;&#x179A;&#x1796;&#x17B8;&#x1794;&#x17D2;&#x179A;&#x1787;&#x17B6;&#x179A;&#x17B6;&#x179F;&#x17D2;&#x179A;&#x17D2;&#x178F; &#x1793;&#x17B7;&#x1784;&#x1793;&#x17B6;&#x1798;&#x17C9;&#x17BA;&#x1793;&#x179F;&#x1796;&#x17D2;&#x179C;&#x1798;&#x17BB;&#x1781;&#x1798;&#x1793;&#x17D2;&#x179A;&#x17D2;&#x178F;&#x17B8;&#x17D4; &#x1796;&#x17D2;&#x179A;&#x17C7;&#x17A2;&#x1784;&#x17D2;&#x1782;&#x1787;&#x17B6;&#x179C;&#x17B8;&#x179A;&#x1780;&#x17D2;&#x179F;&#x178F;&#x17D2;&#x179A;&#x1798;&#x17BD;&#x1799;&#x17A2;&#x1784;&#x17D2;&#x1782;&#x178A;&#x17C2;&#x179B;&#x1794;&#x17B6;&#x1793;&#x1794;&#x1793;&#x17D2;&#x179F;&#x179B;&#x17CB;&#x1791;&#x17BB;&#x1780;&#x1791;&#x17C6;&#x1796;&#x17D0;&#x179A;&#x179A;&#x17BB;&#x1784;&#x179A;&#x17BF;&#x1784; &#x1790;&#x17D2;&#x1780;&#x17BB;&#x17C6;&#x1790;&#x17D2;&#x1780;&#x17BE;&#x1784;&#x1794;&#x17C6;&#x1795;&#x17BB;&#x178F;&#x1793;&#x17C3;&#x1794;&#x17D2;&#x179A;&#x179C;&#x178F;&#x17D2;&#x178F;&#x179F;&#x17B6;&#x179F;&#x17D2;&#x178F;&#x17D2;&#x179A;&#x1781;&#x17D2;&#x1798;&#x17C2;&#x179A;&#x17D4; </subfield>
  </datafield>
  <datafield tag="520" ind1=" " ind2=" ">
    <subfield code="a">At the age of 50, Jayavarman VII defeated the invading Chams from Angkor and ascended the throne with the support of the people and the nobles. He was one of the heroes who left the most glorious pages of Khmer history.</subfield>
  </datafield>
  <datafield tag="521" ind1=" " ind2=" ">
    <subfield code="a">1000 
</subfield>
    <subfield code="b">Lexile estimate 
</subfield>
  </datafield>
  <datafield tag="521" ind1=" " ind2=" ">
    <subfield code="a">Z' 
</subfield>
    <subfield code="b">Raz-Plus 
</subfield>
  </datafield>
  <datafield tag="650" ind1=" " ind2=" ">
    <subfield code="a">&#x179F;&#x17C4;&#x1799;&#x179A;&#x17B6;&#x1787;&#x17D2;&#x1799;</subfield>
    <subfield code="v">&#x179A;&#x17BB;&#x1784;&#x179A;&#x17BF;&#x1784;</subfield>
    <subfield code="x">&#x1782;&#x17B6;&#x17C6;&#x1791;&#x17D2;&#x179A;</subfield>
    <subfield code="y">&#x1780;&#x1798;&#x17D2;&#x1785;&#x17B6;&#x178F;&#x17CB;</subfield>
  </datafield>
  <datafield tag="650" ind1=" " ind2=" ">
    <subfield code="a">Ascended the throne</subfield>
    <subfield code="v">Glorious</subfield>
    <subfield code="x">Support </subfield>
    <subfield code="y">Defeated</subfield>
  </datafield>
  <datafield tag="700" ind1=" " ind2=" ">
    <subfield code="a">Sovannrith, Khun  </subfield>
    <subfield code="c">illustrator </subfield>
  </datafield>
  <datafield tag="700" ind1=" " ind2=" ">
    <subfield code="a">Rotha, Ouk</subfield>
    <subfield code="c">illustrator </subfield>
  </datafield>
  <datafield tag="942" ind1=" " ind2=" ">
    <subfield code="2">ddc</subfield>
    <subfield code="c">BK</subfield>
    <subfield code="n">0</subfield>
  </datafield>
  <datafield tag="999" ind1=" " ind2=" ">
    <subfield code="c">1498</subfield>
    <subfield code="d">1498</subfield>
  </datafield>
  <datafield tag="952" ind1=" " ind2=" ">
    <subfield code="0">0</subfield>
    <subfield code="1">0</subfield>
    <subfield code="2">ddc</subfield>
    <subfield code="4">0</subfield>
    <subfield code="7">0</subfield>
    <subfield code="8">KHMERNF</subfield>
    <subfield code="a">001</subfield>
    <subfield code="b">001</subfield>
    <subfield code="c">RHTK2</subfield>
    <subfield code="d">2023-08-30</subfield>
    <subfield code="l">2</subfield>
    <subfield code="o">HED 959.6042092</subfield>
    <subfield code="p">2023-0406</subfield>
    <subfield code="r">2025-09-29 10:24:28</subfield>
    <subfield code="s">2025-06-30</subfield>
    <subfield code="t">1</subfield>
    <subfield code="w">2023-08-30</subfield>
    <subfield code="y">BK</subfield>
  </datafield>
  <datafield tag="952" ind1=" " ind2=" ">
    <subfield code="0">0</subfield>
    <subfield code="1">0</subfield>
    <subfield code="2">ddc</subfield>
    <subfield code="4">0</subfield>
    <subfield code="7">0</subfield>
    <subfield code="8">KHMERNF</subfield>
    <subfield code="a">001</subfield>
    <subfield code="b">001</subfield>
    <subfield code="c">RHTK2</subfield>
    <subfield code="d">2023-08-30</subfield>
    <subfield code="l">0</subfield>
    <subfield code="o">HED 959.6042092</subfield>
    <subfield code="p">2023-0407</subfield>
    <subfield code="r">2023-08-30 10:25:21</subfield>
    <subfield code="t">2</subfield>
    <subfield code="w">2023-08-30</subfield>
    <subfield code="y">BK</subfield>
  </datafield>
  <datafield tag="952" ind1=" " ind2=" ">
    <subfield code="0">0</subfield>
    <subfield code="1">0</subfield>
    <subfield code="2">ddc</subfield>
    <subfield code="4">0</subfield>
    <subfield code="7">0</subfield>
    <subfield code="8">KHMERNF</subfield>
    <subfield code="a">001</subfield>
    <subfield code="b">001</subfield>
    <subfield code="c">RHTK2</subfield>
    <subfield code="d">2023-08-30</subfield>
    <subfield code="l">0</subfield>
    <subfield code="o">HED 959.6042092</subfield>
    <subfield code="p">FISTK05102</subfield>
    <subfield code="r">2023-10-10 09:04:39</subfield>
    <subfield code="t">3</subfield>
    <subfield code="w">2023-08-30</subfield>
    <subfield code="y">BK</subfield>
  </datafield>
  <datafield tag="952" ind1=" " ind2=" ">
    <subfield code="0">0</subfield>
    <subfield code="1">0</subfield>
    <subfield code="2">ddc</subfield>
    <subfield code="4">0</subfield>
    <subfield code="7">0</subfield>
    <subfield code="8">KHMERNF</subfield>
    <subfield code="a">002</subfield>
    <subfield code="b">001</subfield>
    <subfield code="c">SKB</subfield>
    <subfield code="d">2023-08-30</subfield>
    <subfield code="l">1</subfield>
    <subfield code="o">HED 959.6042092</subfield>
    <subfield code="p">FIS01543</subfield>
    <subfield code="r">2025-12-01 10:13:24</subfield>
    <subfield code="s">2025-11-10</subfield>
    <subfield code="t">4</subfield>
    <subfield code="w">2023-08-30</subfield>
    <subfield code="y">BK</subfield>
  </datafield>
  <datafield tag="952" ind1=" " ind2=" ">
    <subfield code="0">0</subfield>
    <subfield code="1">0</subfield>
    <subfield code="2">ddc</subfield>
    <subfield code="4">0</subfield>
    <subfield code="7">0</subfield>
    <subfield code="8">KHMERNF</subfield>
    <subfield code="a">002</subfield>
    <subfield code="b">002</subfield>
    <subfield code="c">TTP Khmer</subfield>
    <subfield code="d">2025-04-01</subfield>
    <subfield code="l">0</subfield>
    <subfield code="o">HED 959.6042092</subfield>
    <subfield code="p">FISSE02111</subfield>
    <subfield code="r">2025-04-01 10:36:58</subfield>
    <subfield code="t">5</subfield>
    <subfield code="w">2025-04-01</subfield>
    <subfield code="y">BK</subfield>
  </datafield>
  <datafield tag="952" ind1=" " ind2=" ">
    <subfield code="0">0</subfield>
    <subfield code="1">0</subfield>
    <subfield code="2">ddc</subfield>
    <subfield code="4">0</subfield>
    <subfield code="7">0</subfield>
    <subfield code="8">KHMERNF</subfield>
    <subfield code="a">002</subfield>
    <subfield code="b">002</subfield>
    <subfield code="c">SKB</subfield>
    <subfield code="d">2025-04-01</subfield>
    <subfield code="l">0</subfield>
    <subfield code="o">HED 959.6042092</subfield>
    <subfield code="p">FIS05149</subfield>
    <subfield code="r">2025-04-01 10:38:32</subfield>
    <subfield code="t">6</subfield>
    <subfield code="w">2025-04-01</subfield>
    <subfield code="y">BK</subfield>
  </datafield>
  <datafield tag="952" ind1=" " ind2=" ">
    <subfield code="0">0</subfield>
    <subfield code="1">0</subfield>
    <subfield code="2">ddc</subfield>
    <subfield code="4">0</subfield>
    <subfield code="7">0</subfield>
    <subfield code="8">KHMERNF</subfield>
    <subfield code="a">002</subfield>
    <subfield code="b">002</subfield>
    <subfield code="c">TTP Khmer</subfield>
    <subfield code="d">2025-04-01</subfield>
    <subfield code="l">0</subfield>
    <subfield code="o">HED 959.6042092</subfield>
    <subfield code="p">FISSE02142</subfield>
    <subfield code="r">2025-04-01 10:39:06</subfield>
    <subfield code="t">7</subfield>
    <subfield code="w">2025-04-01</subfield>
    <subfield code="y">BK</subfield>
  </datafield>
  <datafield tag="952" ind1=" " ind2=" ">
    <subfield code="0">0</subfield>
    <subfield code="1">0</subfield>
    <subfield code="2">ddc</subfield>
    <subfield code="4">0</subfield>
    <subfield code="7">0</subfield>
    <subfield code="8">KHMERNF</subfield>
    <subfield code="a">002</subfield>
    <subfield code="b">002</subfield>
    <subfield code="c">SKB</subfield>
    <subfield code="d">2025-08-13</subfield>
    <subfield code="l">0</subfield>
    <subfield code="o">HED 959.6042092</subfield>
    <subfield code="p">2025-4083</subfield>
    <subfield code="r">2025-08-13 11:24:20</subfield>
    <subfield code="t">8</subfield>
    <subfield code="w">2025-08-13</subfield>
    <subfield code="y">BK</subfield>
  </datafield>
</record>
